书目信息 |
| 题名: |
合规管理制度设计与规范办法
|
|
| 作者: | 孙宗虎 , 陶光辉 , 王文龙 编著 | |
| 分册: | ||
| 出版信息: | 北京 电子工业出版社 2024.07 |
|
| 页数: | 11,353页 | |
| 开本: | 26cm | |
| 丛书名: | ||
| 单 册: | ||
| 中图分类: | F272.9 | |
| 科图分类: | ||
| 主题词: | 企业管理制度 | |
| 电子资源: | ||
| ISBN: | 978-7-121-48003-4 | |
| 000 | 01056nam0 2200265 450 | |
| 001 | 013054538 | |
| 005 | 20251022173326.79 | |
| 010 | @a978-7-121-48003-4@dCNY89.00 | |
| 100 | @a20240802d2024 em y0chiy0120 ea | |
| 101 | 0 | @achi |
| 102 | @aCN@b110000 | |
| 105 | @ay z 000yy | |
| 106 | @ar | |
| 200 | 1 | @a合规管理制度设计与规范办法@9he gui guan li zhi du she ji yu gui fan ban fa@f孙宗虎,陶光辉,王文龙编著 |
| 210 | @a北京@c电子工业出版社@d2024.07 | |
| 215 | @a11,353页@d26cm | |
| 300 | @a弗布克企业合规管理三部曲 | |
| 330 | @a本书分25章,介绍了22大合规事项的规范管理范本,给出了制度、规范、办法、细则、规定的设计示范,集中于重点领域、重点环节、重点人群、重点业务、重点项目、重点事项、重点决策、重点部门、重点岗位的制度规范建设,帮助企业降低、规避、化解合规风险,提升企业的合规管理水平。 | |
| 606 | 0 | @a企业管理制度 |
| 690 | @aF272.9@v5 | |
| 701 | 0 | @a孙宗虎@9sun zong hu@4编著 |
| 701 | 0 | @a陶光辉@9tao guang hui@4编著 |
| 701 | 0 | @a王文龙@9wang wen long@4编著 |
| 801 | 0 | @aCN@c20250905 |
| 905 | @a河南城建学院图书馆@dF272.9@eS982@ZS982@f1 | |
| 合规管理制度设计与规范办法/孙宗虎,陶光辉,王文龙编著.-北京:电子工业出版社,2024.07 |
| 11,353页;26cm |
| 弗布克企业合规管理三部曲 |
| ISBN 978-7-121-48003-4:CNY89.00 |
| 本书分25章,介绍了22大合规事项的规范管理范本,给出了制度、规范、办法、细则、规定的设计示范,集中于重点领域、重点环节、重点人群、重点业务、重点项目、重点事项、重点决策、重点部门、重点岗位的制度规范建设,帮助企业降低、规避、化解合规风险,提升企业的合规管理水平。 |
| ● |
| 相关链接 |
|
|
|
正题名:合规管理制度设计与规范办法
索取号:F272.9/S982
 
预约/预借
| 序号 | 登录号 | 条形码 | 馆藏地/架位号 | 状态 | 备注 |
| 1 | 1631617 | 216316172 | 社科库409/409社科库 88排4列1层/ [索取号:F272.9/S982] | 在馆 |